000 00268 a2200109 4500
001 50636
040 _cAnchieta - Pituba
240 1 0 _aDeutsch Mit Grips B1
_l
245 1 0 _aDeutsch Mit Grips B1
650 4 _aLínguas germânicas (teutônicas) língua alemã
942 _cMU
999 _c50636
_d50636